000 00824nam a2200265Ia 4500
003 OSt
005 20220928125355.0
006 a|||||r|||| 00| 0
007 ta
008 220927b |||||||| |||| 00| 0 eng d
024 _a43970
037 _cTextual
040 _aSDCL
_cSDCL
_beng
041 _2eng
_aeng
082 _aO-973:g(Y:1), P7
100 _aGray Richard Ed.
_9469414
245 0 _aCompanion to the literature and culture of the American South.
260 _aOxford
_bBlackwell Publishing
_c2007
300 _axvii,646p.
_ccm.
490 _aBlackwell companions to literature and culture.
650 _aAmerican Literature
_9464015
700 _a Robinson Owen Ed.
_9469415
942 _hO-973:g(Y:1), P7
_cTEXL
_2CC
999 _c782070
_d782070